Ochrana priemyselného vlastníctva VI

Slovenská komora patentových zástupcov zorganizovala v dňoch 4.- 6. októbra 2010 v spolupráci s Úradom priemyselného vlastníctva SR šiesty ročník odborného seminára o ochrane práv priemyselného vlastníctva. Nové právne predpisy a praktické skúsenosti v rozhodovacích procesoch.

Na minha lista:
Detalhes bibliográficos
Autor principal: Hojčuš, Peter
Formato: Capítulo de Livro
Idioma:eslovaco
Assuntos:
Tags: Adicionar Tag
Sem tags, seja o primeiro a adicionar uma tag!

MARC

LEADER 00000naa a2200000 4500
001 0123413
005 20220729111128.4
041 0 |a slo 
044 |a SK 
245 1 0 |a Ochrana priemyselného vlastníctva VI  |c Peter Hojčuš 
520 |a Slovenská komora patentových zástupcov zorganizovala v dňoch 4.- 6. októbra 2010 v spolupráci s Úradom priemyselného vlastníctva SR šiesty ročník odborného seminára o ochrane práv priemyselného vlastníctva. Nové právne predpisy a praktické skúsenosti v rozhodovacích procesoch. 
610 2 0 |a Slovensko 
610 2 0 |a ochrana práv priemyselných 
610 2 0 |a vlastníctvo duševné 
610 2 0 |a vlastníctvo priemyselné 
610 2 0 |a právo priemyselné 
610 2 0 |a vzory priemyselné 
610 2 0 |a značky výrobné 
610 2 0 |a úrady patentové 
610 2 0 |a organizácie spoločenské 
610 2 0 |a semináre 
610 2 0 |a združenia 
100 1 |a Hojčuš, Peter